| 000 | 01004nac a22003137a 4500 | ||
|---|---|---|---|
| 001 | BR9902184 | ||
| 003 | BR-BrBNA | ||
| 005 | 20240105122220.0 | ||
| 008 | 230509b bl.|||m| |||| 00| 0 por d | ||
| 040 |
_aBR-BrBNA _bpor _cBiblioteca Nacional de Agricultura |
||
| 072 | _aF06 | ||
| 090 | _a0940 BR9902184 | ||
| 100 | 1 | _aBassoi, L.H. | |
| 100 | 1 | _aAssis, J.S. de | |
| 100 | 1 | _aLima Filho, J.M.P. | |
| 100 | 1 | _aRibeiro, H.A. | |
| 100 | 1 | _aSilva, M.R. | |
| 100 | 1 | _aMiranda, A.A. | |
| 110 | 1 | _aCentro de Pesquisa Agropecuaria do Tropico Semi-Arido, Petrolina, PE (Brasil) | |
| 245 | 1 | _aInterrupcao da irrigacao no periodo de maturacao da uva cv. Italia | |
| 260 | 3 |
_aPetrolina, PE (Brasil): _c1999. |
|
| 300 | _a5 p. | ||
| 490 |
_aComunicado Tecnico - Centro de Pesquisa Agropecuaria do Tropico Semi-Arido (Brazil) _vno. 79 _xISSN 0100-6061 |
||
| 650 | _aUva | ||
| 650 | _aMaturacao | ||
| 650 | _aIrrigacao | ||
| 909 |
_a202312 _bLúcia Elande _c55 _dLúcia Elande |
||
| 942 |
_2AGRIS _n0 _cMS |
||
| 999 |
_c289841 _d289841 |
||